[Event "Memorial Sergievskogo"]
[Site "Cheboksary"]
[Date "2016.04.11"]
[Round "3.2"]
[White "Hasangatin, Ramil"]
[Black "Khismatullin, Denis"]
[Result "0-1"]
[LiveChessVersion "1.4.4"]
[BlackElo "2709"]
[WhiteElo "2508"]

1. Nf3 {[%clk 0:15:17]} c5 {[%clk 0:15:18]} 2. c4 {[%clk 0:14:35]} Nc6
{[%clk 0:15:21]} 3. Nc3 {[%clk 0:14:39]} e5 {[%clk 0:14:48]} 4. e3
{[%clk 0:14:47]} f5 {[%clk 0:14:45]} 5. d4 {[%clk 0:14:53]} e4 {[%clk 0:14:49]}
6. d5 {[%clk 0:14:53]} exf3 {[%clk 0:14:36]} 7. dxc6 {[%clk 0:15:00]} dxc6
{[%clk 0:14:45]} 8. Qxd8+ {[%clk 0:12:46]} Kxd8 {[%clk 0:14:54]} 9. gxf3
{[%clk 0:12:54]} Nf6 {[%clk 0:15:03]} 10. b3 {[%clk 0:12:38]} g6 {[%clk 0:14:39]}
11. Bb2 {[%clk 0:12:21]} Bg7 {[%clk 0:14:47]} 12. Ne2 {[%clk 0:11:40]} Ke7
{[%clk 0:14:00]} 13. h4 {[%clk 0:11:37]} Be6 {[%clk 0:12:33]} 14. Nf4
{[%clk 0:11:04]} Rhd8 {[%clk 0:12:39]} 15. Nxe6 {[%clk 0:07:18]} Kxe6
{[%clk 0:12:47]} 16. f4 {[%clk 0:07:03]} Rd7 {[%clk 0:10:16]} 17. Be2
{[%clk 0:06:54]} Rad8 {[%clk 0:07:07]} 18. Rd1 {[%clk 0:06:08]} h5
{[%clk 0:06:07]} 19. Rxd7 {[%clk 0:05:41]} Rxd7 {[%clk 0:06:16]} 20. Bf3
{[%clk 0:05:10]} Kf7 {[%clk 0:04:43]} 21. Ke2 {[%clk 0:03:58]} Ke6
{[%clk 0:02:56]} 22. Be5 {[%clk 0:03:10]} Bf8 {[%clk 0:02:41]} 23. Bb2
{[%clk 0:01:21]} Bg7 {[%clk 0:02:37]} 24. Be5 {[%clk 0:01:27]} Bf8
{[%clk 0:02:43]} 25. Bb2 {[%clk 0:01:35]} Be7 {[%clk 0:02:51]} 26. Bc3
{[%clk 0:00:58]} Bd8 {[%clk 0:02:38]} 27. Rg1 {[%clk 0:00:31]} Kf7
{[%clk 0:02:38]} 28. Bxf6 {[%clk 0:00:26]} Bxf6 {[%clk 0:02:39]} 29. Rd1
{[%clk 0:00:35]} Rxd1 {[%clk 0:02:43]} 30. Kxd1 {[%clk 0:00:44]} Bxh4
{[%clk 0:02:51]} 31. Ke2 {[%clk 0:00:53]} Ke6 {[%clk 0:02:48]} 32. Bg2
{[%clk 0:00:58]} Kd6 {[%clk 0:02:36]} 33. Bh3 {[%clk 0:00:56]} Kc7
{[%clk 0:02:25]} 34. e4 {[%clk 0:00:47]} fxe4 {[%clk 0:02:28]} 35. Bg2
{[%clk 0:00:40]} Bf6 {[%clk 0:00:44]} 36. Bxe4 {[%clk 0:00:46]} g5
{[%clk 0:00:53]} 37. fxg5 {[%clk 0:00:40]} Bxg5 {[%clk 0:01:02]} 38. Bg2
{[%clk 0:00:15]} Kd6 {[%clk 0:01:04]} 39. Bh3 {[%clk 0:00:23]} Ke5
{[%clk 0:00:59]} 40. Kd3 {[%clk 0:00:19]} Kf4 {[%clk 0:00:54]} 41. Bg2
{[%clk 0:00:19]} Bf6 {[%clk 0:00:30]} 42. Ke2 {[%clk 0:00:21]} h4
{[%clk 0:00:32]} 43. Bh3 {[%clk 0:00:27]} Ke5 {[%clk 0:00:24]} 44. Kd3
{[%clk 0:00:33]} Bg5 {[%clk 0:00:22]} 45. Bc8 {[%clk 0:00:40]} b6
{[%clk 0:00:23]} 46. Bh3 {[%clk 0:00:35]} Bh6 {[%clk 0:00:19]} 47. Bd7
{[%clk 0:00:31]} Kd6 {[%clk 0:00:24]} 48. Bh3 {[%clk 0:00:38]} b5
{[%clk 0:00:29]} 49. Ke4 {[%clk 0:00:43]} Bc1 {[%clk 0:00:26]} 50. Kf5
{[%clk 0:00:38]} Bd2 {[%clk 0:00:19]} 51. Ke4 {[%clk 0:00:47]} Kc7
{[%clk 0:00:24]} 52. Kf3 {[%clk 0:00:37]} Kb6 {[%clk 0:00:18]} 53. Bd7
{[%clk 0:00:44]} Be1 {[%clk 0:00:22]} 54. Ke2 {[%clk 0:00:52]} Bc3
{[%clk 0:00:30]} 55. Kf3 {[%clk 0:00:59]} Bd4 {[%clk 0:00:35]} 56. Kg2
{[%clk 0:00:51]} Be5 {[%clk 0:00:31]} 57. Be8 {[%clk 0:00:49]} a6
{[%clk 0:00:21]} 58. Kh3 {[%clk 0:00:55]} Bf6 {[%clk 0:00:29]} 59. Kg4
{[%clk 0:00:29]} bxc4 {[%clk 0:00:37]} 60. bxc4 {[%clk 0:00:38]} Ka5
{[%clk 0:00:46]} 61. Kf5 {[%clk 0:00:14]} Bh8 {[%clk 0:00:32]} 62. Ke4
{[%clk 0:00:23]} Kb4 {[%clk 0:00:35]} 63. Kd3 {[%clk 0:00:30]} Ka3
{[%clk 0:00:37]} 64. Bxc6 {[%clk 0:00:28]} h3 {[%clk 0:00:28]} 65. Kc2
{[%clk 0:00:13]} Kxa2 {[%clk 0:00:35]} 66. f4 {[%clk 0:00:11]} h2
{[%clk 0:00:39]} 67. f5 {[%clk 0:00:21]} a5 {[%clk 0:00:43]} 68. Bd5
{[%clk 0:00:23]} Ka3 {[%clk 0:00:51]} 69. Bc6 {[%clk 0:00:32]} Kb4
{[%clk 0:00:59]} 70. Bd5 {[%clk 0:00:41]} a4 {[%clk 0:01:08]} 71. Kb1
{[%clk 0:00:47]} Kb3 {[%clk 0:01:14]} 0-1

[Event "Memorial Sergievskogo"]
[Site "Cheboksary"]
[Date "2016.04.11"]
[Round "3.3"]
[White "Alekseev, Evgeny"]
[Black "Potapov, Pavel"]
[Result "1/2-1/2"]
[LiveChessVersion "1.4.4"]
[BlackElo "2501"]
[WhiteElo "2671"]

1. e4 {[%clk 0:15:18]} d5 {[%clk 0:15:18]} 2. exd5 {[%clk 0:15:26]} Qxd5
{[%clk 0:15:26]} 3. d4 {[%clk 0:15:27]} Nf6 {[%clk 0:15:30]} 4. c4
{[%clk 0:14:36]} Qd8 {[%clk 0:15:15]} 5. Nf3 {[%clk 0:13:39]} g6 {[%clk 0:14:55]}
6. Be2 {[%clk 0:13:33]} Bg7 {[%clk 0:15:02]} 7. O-O {[%clk 0:13:34]} O-O
{[%clk 0:14:52]} 8. Nc3 {[%clk 0:13:37]} Bg4 {[%clk 0:14:01]} 9. h3
{[%clk 0:11:25]} Bxf3 {[%clk 0:14:07]} 10. Bxf3 {[%clk 0:11:33]} c6
{[%clk 0:14:13]} 11. d5 {[%clk 0:11:17]} cxd5 {[%clk 0:13:16]} 12. cxd5
{[%clk 0:11:14]} Ne8 {[%clk 0:12:25]} 13. Re1 {[%clk 0:10:30]} Nd6
{[%clk 0:11:35]} 14. Bg5 {[%clk 0:10:26]} Bf6 {[%clk 0:09:43]} 15. Bh6
{[%clk 0:10:14]} Re8 {[%clk 0:09:35]} 16. Ne4 {[%clk 0:09:41]} Nd7
{[%clk 0:07:43]} 17. Nxf6+ {[%clk 0:09:16]} exf6 {[%clk 0:07:30]} 18. Rxe8+
{[%clk 0:08:35]} Qxe8 {[%clk 0:07:33]} 19. Be3 {[%clk 0:08:20]} Ne5
{[%clk 0:06:50]} 20. Rc1 {[%clk 0:08:04]} Nf5 {[%clk 0:05:14]} 21. Bf4
{[%clk 0:05:32]} Nxf3+ {[%clk 0:05:07]} 22. gxf3 {[%clk 0:05:31]} Rd8
{[%clk 0:05:03]} 23. Qd3 {[%clk 0:04:21]} Qd7 {[%clk 0:03:22]} 24. d6
{[%clk 0:03:43]} g5 {[%clk 0:02:42]} 25. Bh2 {[%clk 0:02:43]} 1/2-1/2

[Event "Memorial Sergievskogo"]
[Site "Cheboksary"]
[Date "2016.04.11"]
[Round "3.4"]
[White "Bezgodov, Alexei"]
[Black "Lysyj, Igor"]
[Result "1-0"]
[LiveChessVersion "1.4.4"]
[BlackElo "2670"]
[WhiteElo "2488"]

1. e4 {[%clk 0:15:19]} e6 {[%clk 0:15:19]} 2. d4 {[%clk 0:15:28]} d5
{[%clk 0:15:27]} 3. Nc3 {[%clk 0:15:37]} Nf6 {[%clk 0:15:35]} 4. Bg5
{[%clk 0:15:39]} dxe4 {[%clk 0:15:44]} 5. Nxe4 {[%clk 0:15:47]} Be7
{[%clk 0:15:50]} 6. Bxf6 {[%clk 0:15:55]} Bxf6 {[%clk 0:15:59]} 7. Nf3
{[%clk 0:16:02]} O-O {[%clk 0:16:06]} 8. Qd2 {[%clk 0:16:07]} b6 {[%clk 0:15:59]}
9. O-O-O {[%clk 0:16:03]} Bb7 {[%clk 0:15:39]} 10. Bd3 {[%clk 0:15:51]} Nd7
{[%clk 0:15:38]} 11. h4 {[%clk 0:15:35]} Be7 {[%clk 0:15:35]} 12. Qf4
{[%clk 0:14:55]} Qb8 {[%clk 0:13:41]} 13. Neg5 {[%clk 0:14:10]} Nf6
{[%clk 0:13:09]} 14. Ne5 {[%clk 0:12:24]} c5 {[%clk 0:13:05]} 15. Rh3
{[%clk 0:11:48]} cxd4 {[%clk 0:11:56]} 16. Rg3 {[%clk 0:11:46]} Qc7
{[%clk 0:06:52]} 17. Kb1 {[%clk 0:07:41]} Rac8 {[%clk 0:06:53]} 18. Nxh7
{[%clk 0:07:20]} Nxh7 {[%clk 0:06:47]} 19. Qh6 {[%clk 0:07:26]} 1-0

[Event "Memorial Sergievskogo"]
[Site "Cheboksary"]
[Date "2016.04.11"]
[Round "3.5"]
[White "Morozevich, Alexander"]
[Black "Glek, Igor"]
[Result "1-0"]
[LiveChessVersion "1.4.4"]
[BlackElo "2486"]
[WhiteElo "2669"]

1. e4 {[%clk 0:15:18]} e6 {[%clk 0:15:18]} 2. d4 {[%clk 0:15:25]} d5
{[%clk 0:15:26]} 3. Nc3 {[%clk 0:15:34]} Bb4 {[%clk 0:15:33]} 4. e5
{[%clk 0:15:18]} b6 {[%clk 0:15:41]} 5. a3 {[%clk 0:15:29]} Bf8 {[%clk 0:15:15]}
6. Bb5+ {[%clk 0:15:12]} c6 {[%clk 0:15:22]} 7. Ba4 {[%clk 0:15:12]} a5
{[%clk 0:15:26]} 8. Nf3 {[%clk 0:14:55]} Ba6 {[%clk 0:15:25]} 9. Ne2
{[%clk 0:15:01]} Bxe2 {[%clk 0:15:07]} 10. Qxe2 {[%clk 0:15:09]} b5
{[%clk 0:15:16]} 11. Bb3 {[%clk 0:15:17]} a4 {[%clk 0:15:25]} 12. Ba2
{[%clk 0:15:26]} Be7 {[%clk 0:14:00]} 13. c3 {[%clk 0:14:54]} h5 {[%clk 0:14:01]}
14. Bb1 {[%clk 0:14:46]} Nh6 {[%clk 0:14:03]} 15. h3 {[%clk 0:13:43]} Kd7
{[%clk 0:13:59]} 16. Bf4 {[%clk 0:11:47]} Kc7 {[%clk 0:12:26]} 17. Bd3
{[%clk 0:11:55]} Nd7 {[%clk 0:12:33]} 18. O-O-O {[%clk 0:12:00]} Nb6
{[%clk 0:11:39]} 19. Kb1 {[%clk 0:12:08]} Nc4 {[%clk 0:11:26]} 20. Bc1
{[%clk 0:12:17]} g6 {[%clk 0:09:36]} 21. g4 {[%clk 0:10:57]} h4 {[%clk 0:08:51]}
22. Ne1 {[%clk 0:09:51]} Qd7 {[%clk 0:03:02]} 23. f4 {[%clk 0:09:47]} c5
{[%clk 0:01:31]} 24. dxc5 {[%clk 0:09:09]} Bxc5 {[%clk 0:01:40]} 25. Nf3
{[%clk 0:09:18]} Ng8 {[%clk 0:01:43]} 26. Rhf1 {[%clk 0:08:48]} Ne7
{[%clk 0:01:49]} 27. Ng5 {[%clk 0:08:54]} Nc6 {[%clk 0:01:57]} 28. f5
{[%clk 0:09:02]} Raf8 {[%clk 0:01:37]} 29. fxe6 {[%clk 0:08:25]} fxe6
{[%clk 0:01:46]} 30. Rf6 {[%clk 0:08:34]} Rxf6 {[%clk 0:01:00]} 31. exf6
{[%clk 0:08:42]} e5 {[%clk 0:01:08]} 32. Bxg6 {[%clk 0:08:27]} Kb6
{[%clk 0:00:55]} 33. Bf5 {[%clk 0:08:18]} Qd6 {[%clk 0:00:20]} 34. Ne4
{[%clk 0:07:05]} Qd8 {[%clk 0:00:18]} 35. g5 {[%clk 0:06:54]} d4 {[%clk 0:00:17]}
36. g6 {[%clk 0:06:32]} 1-0

[Event "Memorial Sergievskogo"]
[Site "Cheboksary"]
[Date "2016.04.11"]
[Round "3.6"]
[White "Sharafiev, Azat"]
[Black "Dreev, Aleksey"]
[Result "1/2-1/2"]
[LiveChessVersion "1.4.4"]
[BlackElo "2668"]
[WhiteElo "2460"]

1. d4 {[%clk 0:15:19]} d5 {[%clk 0:15:19]} 2. c4 {[%clk 0:15:27]} c6
{[%clk 0:15:28]} 3. Nf3 {[%clk 0:15:23]} Nf6 {[%clk 0:15:35]} 4. Nc3
{[%clk 0:15:31]} e6 {[%clk 0:15:44]} 5. Bg5 {[%clk 0:15:35]} Nbd7
{[%clk 0:15:51]} 6. e3 {[%clk 0:15:39]} Qa5 {[%clk 0:16:00]} 7. Nd2
{[%clk 0:15:45]} Bb4 {[%clk 0:16:02]} 8. Qc2 {[%clk 0:15:49]} O-O
{[%clk 0:15:59]} 9. a3 {[%clk 0:13:44]} dxc4 {[%clk 0:13:24]} 10. Bxf6
{[%clk 0:13:47]} Nxf6 {[%clk 0:13:32]} 11. Nxc4 {[%clk 0:13:53]} Bxc3+
{[%clk 0:13:38]} 12. bxc3 {[%clk 0:13:31]} Qd5 {[%clk 0:13:46]} 13. f3
{[%clk 0:12:10]} c5 {[%clk 0:12:44]} 14. e4 {[%clk 0:10:42]} Qd8 {[%clk 0:12:53]}
15. e5 {[%clk 0:08:48]} Nd5 {[%clk 0:12:16]} 16. Bd3 {[%clk 0:08:54]} Qh4+
{[%clk 0:10:14]} 17. g3 {[%clk 0:07:29]} Qh5 {[%clk 0:09:35]} 18. dxc5
{[%clk 0:05:35]} Bd7 {[%clk 0:08:51]} 19. O-O {[%clk 0:03:41]} Rac8
{[%clk 0:08:09]} 20. Qf2 {[%clk 0:03:48]} Bb5 {[%clk 0:07:55]} 21. f4
{[%clk 0:03:08]} Nxc3 {[%clk 0:07:03]} 22. Rac1 {[%clk 0:02:53]} Bxc4
{[%clk 0:06:14]} 23. Rxc3 {[%clk 0:02:59]} Bd5 {[%clk 0:06:23]} 24. Be2
{[%clk 0:03:05]} Qg6 {[%clk 0:05:50]} 25. Bd3 {[%clk 0:03:03]} Qh6
{[%clk 0:05:45]} 26. Bc4 {[%clk 0:03:01]} Bc6 {[%clk 0:04:13]} 27. Rd1
{[%clk 0:01:43]} Kh8 {[%clk 0:03:49]} 28. Rd6 {[%clk 0:01:45]} Qg6
{[%clk 0:01:55]} 29. Bd3 {[%clk 0:01:50]} Qg4 {[%clk 0:01:41]} 30. Be2
{[%clk 0:01:55]} Qf5 {[%clk 0:01:46]} 31. Bd3 {[%clk 0:02:02]} Be4
{[%clk 0:01:47]} 32. Qe3 {[%clk 0:01:53]} Bxd3 {[%clk 0:01:55]} 33. Rcxd3
{[%clk 0:01:55]} f6 {[%clk 0:01:11]} 34. exf6 {[%clk 0:01:05]} Rxf6
{[%clk 0:01:20]} 35. Rd8+ {[%clk 0:00:31]} Rf8 {[%clk 0:01:28]} 36. Rxf8+
{[%clk 0:00:38]} Rxf8 {[%clk 0:01:20]} 37. Rd6 {[%clk 0:00:27]} Qb1+
{[%clk 0:00:36]} 1/2-1/2

[Event "Memorial Sergievskogo"]
[Site "Cheboksary"]
[Date "2016.04.11"]
[Round "3.7"]
[White "Motylev, Alexander"]
[Black "Pasiev, Rakhim"]
[Result "1-0"]
[LiveChessVersion "1.4.4"]
[BlackElo "2455"]
[WhiteElo "2662"]

1. e4 {[%clk 0:15:17]} c5 {[%clk 0:15:19]} 2. Nf3 {[%clk 0:15:26]} Nc6
{[%clk 0:15:27]} 3. d4 {[%clk 0:15:28]} cxd4 {[%clk 0:15:35]} 4. Nxd4
{[%clk 0:15:37]} g6 {[%clk 0:15:44]} 5. c4 {[%clk 0:15:11]} Nf6 {[%clk 0:15:52]}
6. Nc3 {[%clk 0:15:19]} d6 {[%clk 0:16:00]} 7. Be2 {[%clk 0:15:18]} Nxd4
{[%clk 0:16:08]} 8. Qxd4 {[%clk 0:15:27]} Bg7 {[%clk 0:16:17]} 9. Bg5
{[%clk 0:15:24]} O-O {[%clk 0:16:23]} 10. Qd2 {[%clk 0:15:32]} a5
{[%clk 0:16:11]} 11. Rc1 {[%clk 0:15:24]} a4 {[%clk 0:16:09]} 12. f3
{[%clk 0:15:22]} Be6 {[%clk 0:16:04]} 13. O-O {[%clk 0:14:55]} Qb6+
{[%clk 0:14:19]} 14. Be3 {[%clk 0:14:22]} Qa5 {[%clk 0:13:29]} 15. Nb5
{[%clk 0:13:43]} Qxd2 {[%clk 0:13:17]} 16. Bxd2 {[%clk 0:13:51]} Nd7
{[%clk 0:13:05]} 17. Bc3 {[%clk 0:13:48]} Rfc8 {[%clk 0:13:06]} 18. Bxg7
{[%clk 0:13:31]} Kxg7 {[%clk 0:13:14]} 19. Rc2 {[%clk 0:13:15]} d5
{[%clk 0:08:41]} 20. Nd4 {[%clk 0:12:08]} dxe4 {[%clk 0:08:47]} 21. Nxe6+
{[%clk 0:12:16]} fxe6 {[%clk 0:08:55]} 22. fxe4 {[%clk 0:12:24]} Rc5
{[%clk 0:08:52]} 23. Rd1 {[%clk 0:11:51]} Ne5 {[%clk 0:08:47]} 24. Rc3
{[%clk 0:09:12]} b6 {[%clk 0:05:59]} 25. Kf2 {[%clk 0:08:29]} Rac8
{[%clk 0:05:51]} 26. Rd4 {[%clk 0:08:05]} R8c7 {[%clk 0:05:46]} 27. Ke3
{[%clk 0:07:36]} Nc6 {[%clk 0:05:47]} 28. Rd2 {[%clk 0:07:43]} e5
{[%clk 0:05:40]} 29. Ra3 {[%clk 0:07:09]} Na5 {[%clk 0:03:39]} 30. Rxa4
{[%clk 0:07:03]} Nxc4+ {[%clk 0:03:44]} 31. Rxc4 {[%clk 0:06:59]} Rxc4
{[%clk 0:03:52]} 32. Bxc4 {[%clk 0:07:08]} Rxc4 {[%clk 0:04:00]} 33. g3
{[%clk 0:05:38]} Kf6 {[%clk 0:03:53]} 34. h4 {[%clk 0:05:25]} Rc5
{[%clk 0:02:46]} 35. Rd5 {[%clk 0:04:18]} Rc6 {[%clk 0:02:22]} 36. Kd3
{[%clk 0:03:37]} h5 {[%clk 0:02:07]} 37. a4 {[%clk 0:03:35]} Ke6 {[%clk 0:02:12]}
38. b3 {[%clk 0:02:51]} Rc8 {[%clk 0:01:55]} 39. Rb5 {[%clk 0:02:47]} Rc6
{[%clk 0:02:03]} 40. Kd2 {[%clk 0:02:39]} Kf6 {[%clk 0:01:47]} 41. Rd5
{[%clk 0:02:27]} Ke6 {[%clk 0:01:43]} 42. Rd8 {[%clk 0:02:23]} Rc7
{[%clk 0:00:56]} 43. Kd3 {[%clk 0:01:56]} Rc6 {[%clk 0:00:58]} 44. b4
{[%clk 0:01:53]} Rc7 {[%clk 0:00:35]} 45. Rb8 {[%clk 0:01:19]} Rc6
{[%clk 0:00:44]} 46. Rb7 {[%clk 0:01:28]} Kf6 {[%clk 0:00:26]} 47. Ra7
{[%clk 0:00:38]} Ke6 {[%clk 0:00:33]} 48. Ra8 {[%clk 0:00:44]} Kd7
{[%clk 0:00:39]} 49. Ra6 {[%clk 0:00:48]} Rf6 {[%clk 0:00:39]} 50. Ra7+
{[%clk 0:00:51]} Kd6 {[%clk 0:00:45]} 51. Ke2 {[%clk 0:00:41]} Re6
{[%clk 0:00:19]} 52. Ra6 {[%clk 0:00:29]} Kc7 {[%clk 0:00:18]} 53. a5
{[%clk 0:00:35]} Rd6 {[%clk 0:00:17]} 54. Rxb6 {[%clk 0:00:41]} Rxb6
{[%clk 0:00:13]} 55. axb6+ {[%clk 0:00:50]} Kxb6 {[%clk 0:00:23]} 56. Kd3
{[%clk 0:00:57]} Kb5 {[%clk 0:00:14]} 57. Kc3 {[%clk 0:01:05]} 1-0

[Event "Memorial Sergievskogo"]
[Site "Cheboksary"]
[Date "2016.04.11"]
[Round "3.8"]
[White "Gunina, Valentina"]
[Black "Kobalia, Mikhail"]
[Result "1/2-1/2"]
[LiveChessVersion "1.4.4"]
[BlackElo "2609"]
[WhiteElo "2444"]

1. d4 {[%clk 0:15:17]} d5 {[%clk 0:15:19]} 2. c4 {[%clk 0:15:25]} dxc4
{[%clk 0:15:26]} 3. e3 {[%clk 0:15:30]} e5 {[%clk 0:15:35]} 4. Bxc4
{[%clk 0:15:37]} exd4 {[%clk 0:15:43]} 5. exd4 {[%clk 0:15:45]} Bd6
{[%clk 0:15:50]} 6. Nf3 {[%clk 0:15:47]} Nf6 {[%clk 0:15:59]} 7. Bg5
{[%clk 0:15:55]} Qe7+ {[%clk 0:15:26]} 8. Be2 {[%clk 0:15:46]} h6
{[%clk 0:14:18]} 9. Bh4 {[%clk 0:15:47]} O-O {[%clk 0:13:40]} 10. O-O
{[%clk 0:15:52]} Bg4 {[%clk 0:13:36]} 11. Nc3 {[%clk 0:15:55]} Nbd7
{[%clk 0:13:23]} 12. Re1 {[%clk 0:15:08]} Rfe8 {[%clk 0:11:08]} 13. h3
{[%clk 0:12:57]} Bxf3 {[%clk 0:09:55]} 14. Bxf3 {[%clk 0:13:05]} Qxe1+
{[%clk 0:10:01]} 15. Qxe1 {[%clk 0:13:14]} Rxe1+ {[%clk 0:10:10]} 16. Rxe1
{[%clk 0:13:22]} c6 {[%clk 0:10:16]} 17. d5 {[%clk 0:13:05]} Ne5 {[%clk 0:10:14]}
18. Be4 {[%clk 0:13:00]} Nxe4 {[%clk 0:09:39]} 19. Nxe4 {[%clk 0:13:05]} Bb4
{[%clk 0:09:29]} 20. Rd1 {[%clk 0:12:05]} f5 {[%clk 0:09:23]} 21. dxc6
{[%clk 0:11:13]} Nxc6 {[%clk 0:08:21]} 22. Nc3 {[%clk 0:10:55]} g5
{[%clk 0:08:27]} 23. Bg3 {[%clk 0:10:57]} f4 {[%clk 0:08:17]} 24. Bh2
{[%clk 0:11:06]} Re8 {[%clk 0:08:22]} 25. Kf1 {[%clk 0:10:14]} Kf7
{[%clk 0:08:04]} 26. g3 {[%clk 0:10:08]} fxg3 {[%clk 0:07:32]} 27. Bxg3
{[%clk 0:10:16]} Bxc3 {[%clk 0:04:50]} 28. bxc3 {[%clk 0:10:25]} Re4
{[%clk 0:04:59]} 29. Rd6 {[%clk 0:10:07]} Re6 {[%clk 0:05:03]} 30. Rd5
{[%clk 0:10:14]} Re4 {[%clk 0:05:08]} 31. Rd6 {[%clk 0:10:09]} Re6
{[%clk 0:05:17]} 32. Rd5 {[%clk 0:10:18]} Re4 {[%clk 0:05:26]} 33. Rd6
{[%clk 0:10:27]} 1/2-1/2

[Event "Memorial Sergievskogo"]
[Site "Cheboksary"]
[Date "2016.04.11"]
[Round "3.9"]
[White "Volkov, Sergey"]
[Black "Kalinin, Michail Borisovich"]
[Result "1-0"]
[LiveChessVersion "1.4.4"]
[BlackElo "2383"]
[WhiteElo "2597"]

1. d4 {[%clk 0:15:17]} d5 {[%clk 0:15:19]} 2. c4 {[%clk 0:15:25]} c6
{[%clk 0:15:27]} 3. e3 {[%clk 0:15:32]} Nf6 {[%clk 0:15:34]} 4. Nc3
{[%clk 0:15:27]} e6 {[%clk 0:15:41]} 5. Nf3 {[%clk 0:15:33]} Nbd7
{[%clk 0:15:49]} 6. Bd3 {[%clk 0:15:38]} dxc4 {[%clk 0:15:57]} 7. Bxc4
{[%clk 0:15:46]} b5 {[%clk 0:16:05]} 8. Be2 {[%clk 0:15:53]} Bb7 {[%clk 0:16:14]}
9. O-O {[%clk 0:16:00]} a6 {[%clk 0:16:23]} 10. e4 {[%clk 0:16:06]} b4
{[%clk 0:16:31]} 11. e5 {[%clk 0:16:12]} Nd5 {[%clk 0:16:40]} 12. Nxd5
{[%clk 0:15:57]} cxd5 {[%clk 0:16:48]} 13. Bg5 {[%clk 0:14:30]} Be7
{[%clk 0:16:54]} 14. Bxe7 {[%clk 0:14:13]} Qxe7 {[%clk 0:17:01]} 15. Rc1
{[%clk 0:14:03]} Nb6 {[%clk 0:17:01]} 16. Qb3 {[%clk 0:13:53]} O-O
{[%clk 0:13:26]} 17. Rc5 {[%clk 0:13:53]} a5 {[%clk 0:12:55]} 18. a3
{[%clk 0:13:29]} Ba6 {[%clk 0:05:32]} 19. Bxa6 {[%clk 0:13:15]} Rxa6
{[%clk 0:05:41]} 20. axb4 {[%clk 0:13:03]} axb4 {[%clk 0:05:29]} 21. Qxb4
{[%clk 0:13:01]} Nc4 {[%clk 0:05:09]} 22. Rxc4 {[%clk 0:12:53]} 1-0

[Event "Memorial Sergievskogo"]
[Site "Cheboksary"]
[Date "2016.04.11"]
[Round "3.10"]
[White "Girya, Olga"]
[Black "Predke, Alexandr"]
[Result "1/2-1/2"]
[LiveChessVersion "1.4.4"]
[BlackElo "2594"]
[WhiteElo "2362"]

1. d4 {[%clk 0:15:19]} Nf6 {[%clk 0:15:18]} 2. c4 {[%clk 0:15:27]} e6
{[%clk 0:15:26]} 3. Nf3 {[%clk 0:15:36]} b6 {[%clk 0:15:34]} 4. g3
{[%clk 0:15:44]} Bb7 {[%clk 0:15:41]} 5. Bg2 {[%clk 0:15:52]} Be7
{[%clk 0:15:50]} 6. O-O {[%clk 0:15:58]} O-O {[%clk 0:15:57]} 7. Nc3
{[%clk 0:16:07]} Ne4 {[%clk 0:15:57]} 8. Bd2 {[%clk 0:16:15]} Bf6
{[%clk 0:16:05]} 9. Ne5 {[%clk 0:16:15]} Nxc3 {[%clk 0:16:07]} 10. Bxc3
{[%clk 0:16:21]} Bxg2 {[%clk 0:16:10]} 11. Kxg2 {[%clk 0:16:29]} c5
{[%clk 0:15:54]} 12. Nf3 {[%clk 0:16:25]} Qc8 {[%clk 0:12:32]} 13. Qd3
{[%clk 0:13:30]} cxd4 {[%clk 0:11:18]} 14. Bxd4 {[%clk 0:13:36]} Bxd4
{[%clk 0:11:21]} 15. Qxd4 {[%clk 0:12:29]} Nc6 {[%clk 0:11:08]} 16. Qd6
{[%clk 0:12:22]} Rd8 {[%clk 0:11:13]} 17. Rfd1 {[%clk 0:12:17]} Qb8
{[%clk 0:11:20]} 18. Ng5 {[%clk 0:07:57]} Qxd6 {[%clk 0:10:09]} 19. Rxd6
{[%clk 0:08:06]} Kf8 {[%clk 0:10:00]} 20. Rad1 {[%clk 0:07:46]} Ke7
{[%clk 0:10:02]} 21. Ne4 {[%clk 0:07:41]} Rac8 {[%clk 0:09:08]} 22. R6d2
{[%clk 0:07:02]} Na5 {[%clk 0:08:35]} 23. Nd6 {[%clk 0:06:42]} Rc7
{[%clk 0:08:34]} 24. b3 {[%clk 0:06:47]} a6 {[%clk 0:08:41]} 25. f4
{[%clk 0:05:37]} Nb7 {[%clk 0:08:33]} 26. Nxb7 {[%clk 0:05:26]} Rxb7
{[%clk 0:08:41]} 27. Rd6 {[%clk 0:05:34]} f5 {[%clk 0:08:17]} 28. Kf3
{[%clk 0:05:36]} Rc8 {[%clk 0:08:21]} 29. R1d4 {[%clk 0:04:47]} Rc6
{[%clk 0:06:41]} 30. Rxc6 {[%clk 0:04:53]} dxc6 {[%clk 0:06:50]} 31. e4
{[%clk 0:04:56]} c5 {[%clk 0:06:46]} 32. Rd2 {[%clk 0:04:51]} Rd7
{[%clk 0:06:44]} 33. Rxd7+ {[%clk 0:04:54]} Kxd7 {[%clk 0:06:53]} 34. e5
{[%clk 0:04:33]} 1/2-1/2

[Event "Memorial Sergievskogo"]
[Site "Cheboksary"]
[Date "2016.04.11"]
[Round "4.2"]
[White "Khismatullin, Denis"]
[Black "Evdokimov, Alexander A."]
[Result "1-0"]
[LiveChessVersion "1.4.4"]
[BlackElo "2553"]
[WhiteElo "2709"]

1. b3 {[%clk 0:15:19]} c5 {[%clk 0:15:06]} 2. Bb2 {[%clk 0:15:27]} d5
{[%clk 0:14:46]} 3. e3 {[%clk 0:15:26]} a6 {[%clk 0:14:45]} 4. Nf3
{[%clk 0:14:23]} Nc6 {[%clk 0:14:48]} 5. d4 {[%clk 0:13:28]} Nf6 {[%clk 0:14:00]}
6. Be2 {[%clk 0:13:04]} Bg4 {[%clk 0:13:20]} 7. O-O {[%clk 0:12:25]} e6
{[%clk 0:12:46]} 8. Nbd2 {[%clk 0:12:28]} Be7 {[%clk 0:11:45]} 9. dxc5
{[%clk 0:10:50]} Bxc5 {[%clk 0:11:40]} 10. a3 {[%clk 0:10:52]} O-O
{[%clk 0:11:03]} 11. b4 {[%clk 0:10:57]} Be7 {[%clk 0:10:17]} 12. c4
{[%clk 0:10:40]} dxc4 {[%clk 0:09:20]} 13. Nxc4 {[%clk 0:10:29]} Qxd1
{[%clk 0:08:19]} 14. Rfxd1 {[%clk 0:10:37]} Nd5 {[%clk 0:07:32]} 15. Rac1
{[%clk 0:09:29]} Rfd8 {[%clk 0:06:49]} 16. h3 {[%clk 0:09:36]} Bh5
{[%clk 0:06:57]} 17. g4 {[%clk 0:07:59]} Bg6 {[%clk 0:07:06]} 18. Nd4
{[%clk 0:08:08]} Nxd4 {[%clk 0:04:54]} 19. Bxd4 {[%clk 0:08:16]} f6
{[%clk 0:05:02]} 20. Bf3 {[%clk 0:07:10]} Rac8 {[%clk 0:02:55]} 21. Na5
{[%clk 0:04:05]} Rxc1 {[%clk 0:01:49]} 22. Rxc1 {[%clk 0:04:13]} Rd7
{[%clk 0:01:30]} 23. Rc8+ {[%clk 0:03:21]} Kf7 {[%clk 0:01:38]} 24. Rb8
{[%clk 0:03:15]} b5 {[%clk 0:01:38]} 25. Ra8 {[%clk 0:01:17]} Nc7
{[%clk 0:00:21]} 26. Ra7 {[%clk 0:01:11]} Bd6 {[%clk 0:00:24]} 27. Bc6
{[%clk 0:00:49]} Re7 {[%clk 0:00:28]} 28. Nb7 {[%clk 0:00:57]} Be5
{[%clk 0:00:24]} 29. Bc5 {[%clk 0:01:04]} h5 {[%clk 0:00:27]} 30. f4
{[%clk 0:01:07]} Bb2 {[%clk 0:00:36]} 31. Nd8+ {[%clk 0:01:14]} Kf8
{[%clk 0:00:43]} 32. Rxc7 {[%clk 0:01:21]} 1-0